Poorest Asian/Oceanian Countries - Statistics

General Stats
  • This quiz has been taken 20 times
  • The average score is 7 of 10
Answer Stats
Hint Answer % Correct
$4,208 Papua New Guinea
100%
$3,933 Tuvalu
95%
$2,185 Kiribati
80%
$3,215 Vanuatu
80%
$2,702 Nepal
75%
$4,018 Cambodia
70%
$3,877 Bangladesh
65%
$2,606 Yemen
65%
$3,701 Micronesia
60%
$2,427 Solomon Islands
45%
No matching quizzes found
Score Distribution
Percent of People with Each Score
Percentile by Number Answered
Your Score History
You have not taken this quiz